000
00283nam a22001097a 4500
008
170110b xxu||||| |||| 00| 0 eng d
020
_a
0803634099
041
_a
eng
080
_a
618.2
245
_a
ANALYSIS AND EVALUATION OF CONCEPTUAL MODELS OF NURSING
_c
FAWCETT, J
942
_2
udc
_c
BK
999
_c
2672
_d
2672